Τα αρχαία ελληνικά επιδεικτικά επιγράμματα
Αποθηκεύτηκε σε:
| Κύριος συγγραφέας: | |
|---|---|
| Μορφή: | Βιβλίο |
| Γλώσσα: | Greek |
| Δημοσίευση: |
Αθήναι :
Παπαδήμας,
1991.
|
| Θέματα: | |
| Ετικέτες: |
Προσθήκη ετικέτας
Δεν υπάρχουν, Καταχωρήστε ετικέτα πρώτοι!
|
MARC
| LEADER | 00000cam a2200000 i 4500 | ||
|---|---|---|---|
| 001 | 1/6666 | ||
| 008 | 960711s1991 gr | ||| |||| ||gre|| | ||
| 020 | |a 9602062401 | ||
| 035 | |l 10016433 | ||
| 040 | |a GR-MY-UA |b gre |e aacr | ||
| 041 | 0 | |a gre | |
| 082 | 7 | |a 881.27 |2 (22) | |
| 100 | 1 | |a Λαζανάς, Βασίλης Ι., |d 1916- | |
| 245 | 1 | 3 | |a Τα αρχαία ελληνικά επιδεικτικά επιγράμματα / |c Βασ. Ι. Λαζανά. |
| 260 | |a Αθήναι : |b Παπαδήμας, |c 1991. | ||
| 300 | |a 448 σ. ; |c 24 εκ. | ||
| 500 | |a Ολόκληρο το ένατο (ΙΧ) βιβλίο της "Ελληνικής ή Παλατινής Ανθολογίας". | ||
| 500 | |a Προλεγόμενα - Αρχαίο κείμενο - Εμμετρη μετάφραση - Σχόλια - Βιογραφικά στοιχεία των ποιητών. | ||
| 650 | 0 | 0 | |a Epigrams, Greek. |
| 650 | 0 | 0 | |a Inscriptions, Ancient |z Greece. |
| 650 | 0 | 0 | |a Epic poetry, Greek. |
| 852 | |a INST |b LESVOS |e 19960711 |h 881.27 ΛΑΖ |p 005100001600 |q 005100001600 |t BK |y 0 | ||
| 852 | |a INST |b LESVOS |e 20000104 |h 881.27 ΛΑΖ |p 005100001601 |q 005100001601 |t BK |y 0 | ||
| 852 | |a INST |b LESVOS |e 20000104 |h 881.27 ΛΑΖ |p 005100001602 |q 005100001602 |t BK |y 0 | ||
| 909 | |a Λ |b 021794 | ||
| 909 | |a Λ |b 021795 | ||
| 909 | |a Λ |b 021796 | ||
| 920 | |a ΔΩΡΕΑ ΒΙΒΛΙΟΘΗΚΗΣ |y Λέσβος |z 1992-01 | ||
| 970 | |a ΚΑΜΑΤΣΟΥ |b ΔΕΣΠΟΙΝΑ |z 2000/01/04 | ||